000 00370 a2200157 4500
001 192571
020 _a978-85-10-06521-4
040 _cMagnum
100 _aCardoso, Leonardo Mendes
240 1 0 _aAmanda no país da consciência
_lpor
245 1 0 _aAmanda no país da consciência
300 _a40
362 0 _a2017
697 _aLITERATURA INFANTIL
942 _cBK
999 _c192571
_d192571